Most expensive football transfers - Right-Backs - 2010-2011 Season - Statistics

General Stats
  • This quiz has been taken 7 times
  • The average score is 4 of 10
Answer Stats
Fee (M €) Nationality Left Joined Player % Correct
6,00 Spain CA Osasuna Marseille César Azpilicueta
86%
8,00 Brazil FC Schale 04 Genoa Rafinha
86%
6,00 France Sevilla FC Genoa Abdoulay Konko
43%
3,00 Ungheria / Austria Atalanta BC Bologna György Garics
43%
4,25 Spain CA Osasuna Atlético Madrid Juanfran Torres
43%
7,00 Italy Brescia Parma Andrea Rispoli
29%
4,00 Russia Dinamo Moscow Spartak Moscow Kirill Kombarov
29%
4,00 France Stade Rennais Marseille Rod Fanni
29%
4,00 Paesi Bassi Twente FC Wigan Ronnie Stam
29%
5,30 Ghana FC Basel Dnipro Samuel Inkoom
29%
No matching quizzes found
Score Distribution
Percent of People with Each Score
Percentile by Number Answered
Your Score History
You have not taken this quiz